[Event "SLO-chT2 West"]
[Site "Kranj"]
[Date "2005.10.16"]
[Round "5.5"]
[White "Bacanovic, Zvonko"]
[Black "Sluga, Aljaz"]
[Result "0-1"]
[WhiteElo "1500"]
[BlackElo "1852"]
[PlyCount "66"]
[EventDate "2005.10.14"]
[EventType "team"]
[EventRounds "5"]
[EventCountry "SLO"]
[SourceTitle "EXT 2009"]
[Source "ChessBase"]
[SourceDate "2008.11.26"]
[SourceVersion "1"]
[SourceVersionDate "2008.11.26"]
[SourceQuality "1"]

1. d4 d5 2. c4 Nc6 3. Nf3 Bg4 4. e3 e5 5. Be2 Bb4+ 6. Nc3 exd4 7. exd4 Nge7 8. 0-0 0-0 9. Qc2 dxc4 10. Be3 Rb8 11. Rad1 Bxc3 12. Qxc3 b5 13. a3 Nd5 14. Qc1 Nxe3 15. fxe3 Qe7 16. h3 Bh5 17. d5 Ne5 18. Nd4 Bxe2 19. Nxe2 Nd3 20. Qd2 Rfe8 21. Rf3 Qe5 22. Rdf1 f6 23. Nc3 b4 24. Rf5 bxc3 25. Rxe5 cxd2 26. Rxe8+ Rxe8 27. Rd1 Rxe3 28. Rxd2 Re1+ 29. Kh2 Rb1 30. Rc2 Nxb2 31. Re2 c3 32. Kg3 Rd1 33. Re7 c2 0-1

[Event "SLO-chT2 West"]
[Site "Kranj"]
[Date "2005.10.15"]
[Round "2.5"]
[White "Bacanovic, Zvonko"]
[Black "Vukanic, Avgust"]
[Result "0-1"]
[WhiteElo "1500"]
[BlackElo "1700"]
[PlyCount "90"]
[EventDate "2005.10.14"]
[EventType "team"]
[EventRounds "5"]
[EventCountry "SLO"]
[SourceTitle "EXT 2009"]
[Source "ChessBase"]
[SourceDate "2008.11.26"]
[SourceVersion "1"]
[SourceVersionDate "2008.11.26"]
[SourceQuality "1"]

1. e4 e6 2. d4 d5 3. Nc3 c5 4. Be3 cxd4 5. Bxd4 Nc6 6. Bb5 a6 7. Bxc6+ bxc6 8. f3 c5 9. Bf2 d4 10. Na4 Qa5+ 11. c3 Bd7 12. Nxc5 Bxc5 13. b4 Bxb4 14. cxb4 Qxb4+ 15. Qd2 Qxd2+ 16. Kxd2 e5 17. Ne2 Ne7 18. Rhc1 Rc8 19. Bg3 f6 20. f4 Ng6 21. Rxc8+ Bxc8 22. Rc1 0-0 23. Rc5 Re8 24. h3 Bd7 25. f5 Nf8 26. Nc1 Rb8 27. Nb3 Ba4 28. Kc2 Nd7 29. Rc4 Bb5 30. Rb4 Bd3+ 31. Kxd3 Rxb4 32. Be1 Rb5 33. Kc2 Nc5 34. Nc1 Nxe4 35. a3 a5 36. Nb3 a4 37. Nc1 h5 38. Kd3 Nd6 39. g4 hxg4 40. hxg4 Kf7 41. Bb4 Ne8 42. Ke4 Nc7 43. Nd3 Nd5 44. Bd6 Nc3+ 45. Kf3 e4+ 0-1